| 000 | 01753cam a22004454i 4500 | ||
|---|---|---|---|
| 003 | PE-LiUPU | ||
| 005 | 20250731172809.0 | ||
| 008 | 150617s1942 ag r 000 0 spa d | ||
| 035 | _a(Sirsi) a13468 | ||
| 040 |
_aPE-LiUPU _bspa _cPE-LiUPU _erda |
||
| 049 | _aPRUA | ||
| 082 | 0 | 4 |
_a232.4 _bP67 _221 |
| 100 | 1 |
_aPistonesi, José A., _eautor. |
|
| 245 | 1 | 3 |
_aEl Beneficio de Jesucristo crucificado / _cJosé A. Pistonesi. |
| 264 | 1 |
_aBuenos Aires : _bLa Aurora, _c1942. |
|
| 300 |
_a99 páginas ; _c19 centímetros. |
||
| 336 |
_atext _2rdacontent |
||
| 337 |
_aunmediated _2rdamedia |
||
| 338 |
_avolume _2rdacarrier |
||
| 490 | 0 |
_aObras Clásicas de la Reforma ; _v4 |
|
| 505 | 0 | _apecado original y de la miseria del hombre -- La ley fue dada por Dios, a fin de que nosotros, conociendo el pecado e impotentes para justificarnos por medio de nuestras buenas obras, recurriésemos a la misericordia de Dios y a la justicia por la fe -- La remisión de los pecados, la justificación y nuestra completa salvación dependen únicamente de Cristo -- Cómo el cristiano se viste de Cristo -- Algunos remedios contra desconfianza. | |
| 526 | _aSEG42 | ||
| 526 | _aSEG41 | ||
| 526 | _aSEG40 | ||
| 526 | _aSEG39 | ||
| 526 | _aP94 | ||
| 526 | _aP87 | ||
| 526 | _aP86 | ||
| 526 | _aP85 | ||
| 526 | _aP77 | ||
| 526 | _aP76 | ||
| 526 | _aP35 | ||
| 650 | 0 | 4 | _aCrucifixión de Jesús. |
| 910 |
_ajck _bjvq _cjck _d20150616 |
||
| 942 |
_2ddc _cBOOK |
||
| 994 |
_aC0 _bPEPRU |
||
| 596 | _a1 | ||
| 999 |
_a232.4 P67 _wDEWEY _c3838 _i00714 _f2021-11-29 _g5 _lCCODEBUL1 _mBUL _p23.00 _r0 _sY _tBOOK _u2015-4-22 _xTEOLOGIA _PP35 _0COMPRA _o.STAFF. Colección Teología _d3838 |
||
| 980 |
_81 _gALBERTO SANCHEZ Responsable de Automatización |
||